[Event "3rd ch-GER Internet Blitz Candidates"]
[Site "playchess INT"]
[Date "2005.04.02"]
[Round "12"]
[White "Berelovich, A."]
[Black "Womacka, M."]
[Result "1/2-1/2"]
[WhiteElo "2542"]
[BlackElo "2436"]
[PlyCount "67"]
[EventDate "2005.04.02"]
[EventType "swiss (blitz)"]
[EventRounds "15"]
[Source "Mark Crowther"]
[SourceDate "2005.04.04"]

1. e4 c5 2. c3 d5 3. exd5 Qxd5 4. d4 Nf6 5. Be3 Ng4 6. Nf3 Nxe3 7. fxe3 e6 8.
Nbd2 Nd7 9. Bc4 Qh5 10. O-O Be7 11. Qe1 O-O 12. Qg3 b6 13. Rae1 Nf6 14. e4 cxd4
15. e5 Nd7 16. cxd4 Bb7 17. Bd3 Rfd8 18. Be4 Bxe4 19. Nxe4 Nf8 20. Nfg5 Bxg5
21. Nxg5 Rd7 22. Ne4 Qg6 23. Qe3 Rad8 24. Rf3 Rxd4 25. Rg3 Qf5 26. Nd6 Qf4 27.
Qc3 Rd2 28. Rf1 Qd4+ 29. Qxd4 Rxd4 30. Nxf7 Rc8 31. Nd6 Rd8 32. Nf7 Rc8 33. Nd6
Rd8 34. Nf7 1/2-1/2

[Event "3rd ch-GER Internet Blitz Candidates"]
[Site "playchess INT"]
[Date "2005.04.02"]
[Round "12"]
[White "Rodewis, T."]
[Black "Junge, Ka"]
[Result "1-0"]
[WhiteElo "2364"]
[BlackElo "2256"]
[PlyCount "81"]
[EventDate "2005.04.02"]
[EventType "swiss (blitz)"]
[EventRounds "15"]
[Source "Mark Crowther"]
[SourceDate "2005.04.04"]

1. d4 Nf6 2. c4 g6 3. Nc3 Bg7 4. e4 d6 5. f3 O-O 6. Bg5 Nbd7 7. Nh3 c5 8. d5 b5
9. Nxb5 a6 10. Nc3 Rb8 11. Qd2 Qb6 12. Rb1 e6 13. Nf2 exd5 14. cxd5 Ne5 15. Be2
Bd7 16. O-O Bb5 17. b3 Qa5 18. Nxb5 Qxd2 19. Bxd2 axb5 20. a4 b4 21. f4 Ned7
22. Rfe1 Nb6 23. Bf3 Nfd7 24. Kf1 Rfe8 25. Re2 Ra8 26. Ng4 Bd4 27. Rc1 Kg7 28.
Ne3 Bxe3 29. Rxe3 f5 30. e5 dxe5 31. fxe5 Rxe5 32. Rxe5 Nxe5 33. Rxc5 Nxf3 34.
gxf3 Rd8 35. Bxb4 Nxd5 36. Bd2 Kf7 37. b4 Ke6 38. b5 Ke5 39. b6 Kd4 40. Rb5 Kd3
41. Bg5 1-0

[Event "3rd ch-GER Internet Blitz Candidates"]
[Site "playchess INT"]
[Date "2005.04.02"]
[Round "12"]
[White "Buchenthal, D."]
[Black "Heinzel, O."]
[Result "1-0"]
[WhiteElo "2258"]
[BlackElo "2402"]
[PlyCount "67"]
[EventDate "2005.04.02"]
[EventType "swiss (blitz)"]
[EventRounds "15"]
[Source "Mark Crowther"]
[SourceDate "2005.04.04"]

1. e4 d5 2. exd5 Qxd5 3. Nf3 Nf6 4. Be2 a6 5. d4 e6 6. O-O b5 7. b3 Bb7 8. c4
bxc4 9. bxc4 Qc6 10. Nc3 Be7 11. Bf4 O-O 12. Rc1 Nbd7 13. d5 exd5 14. cxd5 Qb6
15. Rb1 Qa7 16. Bxc7 Nxd5 17. Nxd5 Bxd5 18. Qxd5 Qxc7 19. Rb7 Nf6 20. Qxf7+
Kxf7 21. Rxc7 Rfe8 22. Bc4+ Kg6 23. Ne5+ Kf5 24. f4 Rac8 25. Bd3+ Ke6 26. Rfc1
Rxc7 27. Rxc7 a5 28. g4 Kd5 29. Bc4+ Kd4 30. Bf7 Bd6 31. Rc4+ Ke3 32. Bxe8 Nxe8
33. Rc8 Nf6 34. Nc4+ 1-0

[Event "3rd ch-GER Internet Blitz Candidates"]
[Site "playchess INT"]
[Date "2005.04.02"]
[Round "12"]
[White "Gaede, D."]
[Black "Reich, T."]
[Result "0-1"]
[WhiteElo "2194"]
[BlackElo "2406"]
[PlyCount "86"]
[EventDate "2005.04.02"]
[EventType "swiss (blitz)"]
[EventRounds "15"]
[Source "Mark Crowther"]
[SourceDate "2005.04.04"]

1. d4 Nf6 2. c4 g6 3. Nc3 Bg7 4. e4 O-O 5. f3 c6 6. Be3 d5 7. e5 Nfd7 8. f4 Nb6
9. cxd5 Nxd5 10. Nxd5 cxd5 11. Bd3 Nc6 12. Nf3 Bg4 13. h3 Bxf3 14. Qxf3 e6 15.
O-O Qb6 16. Qf2 f6 17. h4 fxe5 18. dxe5 d4 19. Bd2 Nxe5 20. Bc2 Ng4 21. Qg3 d3+
22. Kh1 dxc2 23. Qxg4 Rf5 24. Rac1 Qxb2 25. Qe2 Qxa2 26. Qe4 Qd5 27. Qxc2 h5
28. Bc3 Rc8 29. Qb2 Bxc3 30. Rxc3 Rxc3 31. Qxc3 Rf7 32. Qc2 Qf5 33. Qc3 Qf6 34.
Qg3 Kh7 35. f5 exf5 36. Rc1 f4 37. Qf2 f3 38. g3 Qf5 39. Kg1 b6 40. Rc3 Qb1+
41. Kh2 Qe4 42. Re3 Qxe3 43. Qxe3 f2 0-1

[Event "3rd ch-GER Internet Blitz Candidates"]
[Site "playchess INT"]
[Date "2005.04.02"]
[Round "12"]
[White "Ottmann, M."]
[Black "Rachut, S."]
[Result "0-1"]
[WhiteElo "2142"]
[BlackElo "2068"]
[PlyCount "82"]
[EventDate "2005.04.02"]
[EventType "swiss (blitz)"]
[EventRounds "15"]
[Source "Mark Crowther"]
[SourceDate "2005.04.04"]

1. d4 Nf6 2. Nf3 g6 3. Bg5 Bg7 4. Nbd2 d6 5. e4 O-O 6. Bc4 h6 7. Bh4 g5 8. Bg3
c6 9. Qe2 b5 10. Bd3 Nbd7 11. e5 Nh5 12. e6 Ndf6 13. exf7+ Rxf7 14. O-O-O Qa5
15. Kb1 Nxg3 16. hxg3 Nd5 17. Nb3 Qc7 18. Be4 Nf6 19. Bg6 Rf8 20. Rde1 Nd5 21.
Nxg5 hxg5 22. Bh7+ Kh8 23. Nd2 Bxd4 24. Qh5 e6 25. Qxg5 Bg7 26. Ne4 Nf6 27.
Nxf6 Rxf6 28. Bg6+ Kg8 29. Qh5 e5 30. f4 Be6 31. fxe5 dxe5 32. Rxe5 Qxe5 33.
Qxe5 Rf1+ 34. Rxf1 Bxe5 35. Be4 Bd5 36. Bf3 Rf8 37. c3 Bxg3 38. Kc2 Kg7 39. Kd3
Kg6 40. Bh5+ Kg7 41. Bf3 Bc4+ 0-1

[Event "3rd ch-GER Internet Blitz Candidates"]
[Site "playchess INT"]
[Date "2005.04.02"]
[Round "12"]
[White "Schoeneberg, M."]
[Black "Koepke, C."]
[Result "1/2-1/2"]
[WhiteElo "2326"]
[BlackElo "2226"]
[PlyCount "84"]
[EventDate "2005.04.02"]
[EventType "swiss (blitz)"]
[EventRounds "15"]
[Source "Mark Crowther"]
[SourceDate "2005.04.04"]

1. e4 c5 2. Nf3 b6 3. c4 Bb7 4. Nc3 e6 5. d4 cxd4 6. Nxd4 a6 7. Bd3 d6 8. O-O
Nf6 9. Qe2 Nbd7 10. b3 Qc7 11. Bb2 Rc8 12. Rac1 Be7 13. Bb1 O-O 14. Rfd1 Rfe8
15. h3 Bf8 16. f4 Qb8 17. g4 d5 18. e5 Ne4 19. Nxe4 dxe4 20. Bxe4 Nc5 21. Bxb7
Qxb7 22. Qf3 Qxf3 23. Nxf3 Ne4 24. Kg2 Bc5 25. Bd4 Red8 26. Bxc5 Nxc5 27. Nd4
Rd7 28. b4 Rcd8 29. bxc5 bxc5 30. Rb1 h6 31. Rb6 Rxd4 32. Rxd4 Rxd4 33. Rxa6
Rxc4 34. f5 exf5 35. gxf5 Re4 36. e6 fxe6 37. fxe6 Kf8 38. Kf3 Re1 39. Rc6 Ke7
40. Rxc5 Kxe6 41. a4 Ra1 42. a5 Ra3+ 1/2-1/2

[Event "3rd ch-GER Internet Blitz Candidates"]
[Site "playchess INT"]
[Date "2005.04.02"]
[Round "12"]
[White "Boettcher, C."]
[Black "Wornath, K."]
[Result "0-1"]
[WhiteElo "2166"]
[BlackElo "2388"]
[PlyCount "82"]
[EventDate "2005.04.02"]
[EventType "swiss (blitz)"]
[EventRounds "15"]
[Source "Mark Crowther"]
[SourceDate "2005.04.04"]

1. e4 e6 2. d3 c5 3. Nd2 Nc6 4. g3 g6 5. Bg2 Bg7 6. f4 d6 7. Ngf3 Nge7 8. c3
O-O 9. Qe2 b5 10. O-O b4 11. c4 a5 12. h3 a4 13. Rb1 Bb7 14. Kh2 d5 15. Rd1
dxe4 16. dxe4 Qc7 17. Nf1 Rfd8 18. Be3 Nd4 19. Nxd4 cxd4 20. Bf2 b3 21. axb3
axb3 22. e5 Bxg2 23. Kxg2 Nf5 24. Nd2 d3 25. Qf3 Rab8 26. Ra1 Nd4 27. Qe4 Nc2
28. Ra7 Qc8 29. Nf3 Nb4 30. Ng5 Rd7 31. Rxd7 Qxd7 32. Bc5 h6 33. Nf3 Bf8 34.
Bxb4 Bxb4 35. Rxd3 Qa4 36. Qe3 Rc8 37. Rxb3 Rxc4 38. Rd3 Rc2+ 39. Nd2 Qa5 40.
Rc3 Bxc3 41. bxc3 Qd5+ 0-1

[Event "3rd ch-GER Internet Blitz Candidates"]
[Site "playchess INT"]
[Date "2005.04.02"]
[Round "12"]
[White "Zwahr, P."]
[Black "Heyken, E."]
[Result "0-1"]
[WhiteElo "2104"]
[BlackElo "2331"]
[PlyCount "68"]
[EventDate "2005.04.02"]
[EventType "swiss (blitz)"]
[EventRounds "15"]
[Source "Mark Crowther"]
[SourceDate "2005.04.04"]

1. Nf3 d5 2. d4 Nf6 3. c4 e6 4. Nc3 Nbd7 5. Bg5 Bb4 6. e3 c5 7. cxd5 exd5 8.
Bd3 Qa5 9. Rc1 Qxa2 10. O-O Bxc3 11. bxc3 c4 12. Bf5 O-O 13. Rb1 Qa5 14. Qc2 g6
15. Bxd7 Nxd7 16. Rfc1 f6 17. Bf4 Re8 18. Nd2 b5 19. e4 Nf8 20. f3 Ne6 21. Bg3
Ng5 22. h4 Nf7 23. exd5 Bf5 24. Ne4 Kg7 25. Qd2 Bxe4 26. fxe4 Rxe4 27. Rf1 Nh6
28. Qc2 Rae8 29. Be5 R8xe5 30. dxe5 Rxe5 31. d6 Qb6+ 32. Qf2 Qxd6 33. Qxa7+ Re7
34. Qa5 Ng4 0-1

[Event "3rd ch-GER Internet Blitz Candidates"]
[Site "playchess INT"]
[Date "2005.04.02"]
[Round "12"]
[White "Zumsande, M."]
[Black "Renner, Christo"]
[Result "1-0"]
[WhiteElo "2381"]
[BlackElo "2398"]
[PlyCount "47"]
[EventDate "2005.04.02"]
[EventType "swiss (blitz)"]
[EventRounds "15"]
[Source "Mark Crowther"]
[SourceDate "2005.04.04"]

1. e4 e5 2. Nf3 Nc6 3. d4 exd4 4. Nxd4 g6 5. Nxc6 bxc6 6. Bc4 Bg7 7. O-O Ne7 8.
Nc3 O-O 9. Bg5 h6 10. Bh4 g5 11. Bg3 Ng6 12. Qh5 Qf6 13. Ne2 d6 14. f4 gxf4 15.
Bxf4 Nxf4 16. Rxf4 Qg5 17. Bxf7+ Kh8 18. Raf1 Ba6 19. Qf3 Bxb2 20. Rg4 Qe7 21.
Nf4 Bd4+ 22. Kh1 Qxf7 23. Ng6+ Kg7 24. Nxf8+ 1-0

[Event "3rd ch-GER Internet Blitz Candidates"]
[Site "playchess INT"]
[Date "2005.04.02"]
[Round "12"]
[White "Gramlich, S."]
[Black "Drabke, L."]
[Result "0-1"]
[WhiteElo "2064"]
[BlackElo "2456"]
[PlyCount "98"]
[EventDate "2005.04.02"]
[EventType "swiss (blitz)"]
[EventRounds "15"]
[Source "Mark Crowther"]
[SourceDate "2005.04.04"]

1. d4 d5 2. e4 dxe4 3. Nc3 Nf6 4. f3 exf3 5. Nxf3 e6 6. Bd3 c5 7. O-O cxd4 8.
Ne4 Nxe4 9. Bxe4 Nc6 10. Bxc6+ bxc6 11. Ne5 Qd5 12. Nxf7 Ba6 13. Nxh8 Bc5 14.
Nf7 Bxf1 15. Qxf1 d3+ 16. Kh1 d2 17. Bxd2 Qxd2 18. Rd1 Qf2 19. Nd6+ Ke7 20.
Qxf2 Bxf2 21. Ne4 Bb6 22. g3 Rf8 23. Kg2 Rf5 24. a4 h5 25. b3 g5 26. Rd2 g4 27.
Re2 Bd4 28. Nd2 e5 29. Ne4 Ke6 30. c3 Bb6 31. h3 Kd5 32. hxg4 hxg4 33. b4 a5
34. c4+ Kxc4 35. Nd6+ Kd3 36. Ra2 Rf6 37. bxa5 Bxa5 38. Nb7 Bb6 39. a5 Ba7 40.
a6 c5 41. Na5 c4 42. Ra3+ c3 43. Nb3 Kc4 44. Nc1 Kb4 45. Ra1 c2 46. Ra2 Kc3 47.
Ne2+ Kb3 48. Ra1 Kb2 49. Kh1 Kxa1 0-1

[Event "3rd ch-GER Internet Blitz Candidates"]
[Site "playchess INT"]
[Date "2005.04.02"]
[Round "12"]
[White "Feuerstack, A."]
[Black "Peschlow, P."]
[Result "1-0"]
[WhiteElo "2224"]
[BlackElo "2318"]
[PlyCount "67"]
[EventDate "2005.04.02"]
[EventType "swiss (blitz)"]
[EventRounds "15"]
[Source "Mark Crowther"]
[SourceDate "2005.04.04"]

1. e4 c5 2. Nf3 Nc6 3. c3 Nf6 4. e5 Nd5 5. d4 cxd4 6. cxd4 d6 7. Bc4 Nb6 8. Bb3
dxe5 9. d5 Na5 10. Nc3 Nxb3 11. Qxb3 e6 12. Nxe5 Bd6 13. Qb5+ Kf8 14. dxe6 Bxe6
15. Bf4 f6 16. Nd7+ Bxd7 17. Bxd6+ Kf7 18. Qd3 Re8+ 19. Kf1 Be6 20. Kg1 Nc4 21.
Ne4 Nxb2 22. Qb5 Qb6 23. a4 Nc4 24. Bc5 Qxb5 25. axb5 b6 26. Bb4 Bd5 27. Nc3
Bb7 28. h3 a5 29. bxa6 Rxa6 30. Kh2 Rea8 31. Rad1 Ne5 32. f4 Ra2 33. Nxa2 Rxa2
34. Rd2 1-0

[Event "3rd ch-GER Internet Blitz Candidates"]
[Site "playchess INT"]
[Date "2005.04.02"]
[Round "12"]
[White "Zimmermann, J."]
[Black "Lentrodt, T."]
[Result "1-0"]
[WhiteElo "2335"]
[BlackElo "2292"]
[PlyCount "123"]
[EventDate "2005.04.02"]
[EventType "swiss (blitz)"]
[EventRounds "15"]
[Source "Mark Crowther"]
[SourceDate "2005.04.04"]

1. e4 c5 2. Nf3 e6 3. Nc3 a6 4. d4 cxd4 5. Nxd4 Qc7 6. f4 Bb4 7. Qd3 Nf6 8. Bd2
Bxc3 9. bxc3 d6 10. Be2 O-O 11. g4 Nc6 12. g5 Nd7 13. f5 e5 14. Nf3 Nc5 15. Qe3
b5 16. h4 Bb7 17. f6 Nd8 18. fxg7 Kxg7 19. g6 fxg6 20. Qh6+ Kg8 21. h5 Nf7 22.
Qe3 Nxe4 23. hxg6 hxg6 24. O-O-O Nxd2 25. Rxd2 Kg7 26. Rg1 Rh8 27. Ng5 Nxg5 28.
Qxg5 Be4 29. Bd3 Bxd3 30. Rxd3 Rh6 31. Rf1 Qd8 32. Qg4 Ra7 33. Rdf3 Rh5 34. Rg3
Rh6 35. Qe6 Qe7 36. Qd5 Rc7 37. Rgf3 Rh5 38. Rf6 Rg5 39. Rxd6 e4 40. Qd4+ Qe5
41. Rd7+ Rxd7 42. Qxd7+ Kh6 43. Rf7 Rf5 44. Rh7+ Kg5 45. Qd8+ Qf6 46. Qd2+ Rf4
47. Rh2 Kf5 48. Rg2 g5 49. Qd5+ Qe5 50. Rxg5+ Kxg5 51. Qxe5+ Kg4 52. c4 bxc4
53. Qe6+ Kf3 54. Qxc4 e3 55. Qf1+ Ke4 56. Qg2+ Kd4 57. a4 Rf2 58. Qg4+ Ke5 59.
Qg3+ Ke4 60. Kb2 e2 61. Qxf2 a5 62. Qxe2+ 1-0

[Event "3rd ch-GER Internet Blitz Candidates"]
[Site "playchess INT"]
[Date "2005.04.02"]
[Round "12"]
[White "Haba, P."]
[Black "Buscher, M."]
[Result "1-0"]
[WhiteElo "2525"]
[BlackElo "2305"]
[PlyCount "155"]
[EventDate "2005.04.02"]
[EventType "swiss (blitz)"]
[EventRounds "15"]
[Source "Mark Crowther"]
[SourceDate "2005.04.04"]

1. d4 Nf6 2. c4 e6 3. g3 c5 4. Nf3 cxd4 5. Nxd4 Nc6 6. Bg2 Be7 7. O-O O-O 8.
Nc3 a6 9. b3 Qc7 10. Bb2 b6 11. Rc1 Bb7 12. Nd5 exd5 13. cxd5 Bc5 14. dxc6 dxc6
15. b4 Bxd4 16. Qxd4 Rad8 17. Qc3 Qe7 18. e3 Rc8 19. Qb3 Rfd8 20. Bd4 Nd5 21.
a3 c5 22. bxc5 bxc5 23. Ba1 Ba8 24. Qc4 a5 25. h3 h6 26. Rfe1 Nb6 27. Qg4 f6
28. Bxa8 Rxa8 29. Rc2 c4 30. Rb1 Rd6 31. Bd4 Qc7 32. Bxb6 Rxb6 33. Rxb6 Qxb6
34. Rxc4 Rd8 35. a4 Qb1+ 36. Kg2 Rd1 37. Qe4 Qxe4+ 38. Rxe4 Kf7 39. Rc4 Ra1 40.
h4 h5 41. Kf3 g6 42. Ke4 Ra2 43. f3 Ke6 44. Kd4 Ra3 45. Ke4 Kd6 46. Kf4 Ke6 47.
Re4+ Kf7 48. g4 hxg4 49. fxg4 Ra1 50. Rc4 Rf1+ 51. Kg3 Re1 52. Kf2 Ra1 53. g5
fxg5 54. hxg5 Ke6 55. Rf4 Ke5 56. Ke2 Ra3 57. Kf3 Ra2 58. Rf6 Rxa4 59. Rxg6 Kf5
60. Rg8 Rh4 61. e4+ Ke5 62. Re8+ Kd6 63. Kg3 Rh1 64. Kg4 a4 65. Ra8 Ra1 66. Kf5
Ke7 67. Ra7+ Ke8 68. g6 a3 69. Ra8+ Ke7 70. g7 a2 71. g8=Q Rf1+ 72. Ke5 a1=Q+
73. Rxa1 Rxa1 74. Qg7+ Kd8 75. Qf8+ Kd7 76. Qd6+ Ke8 77. Ke6 Ra7 78. Qb8# 1-0

[Event "3rd ch-GER Internet Blitz Candidates"]
[Site "playchess INT"]
[Date "2005.04.02"]
[Round "12"]
[White "Kostic, Vl"]
[Black "Krivoshey, S."]
[Result "0-1"]
[WhiteElo "2439"]
[BlackElo "2487"]
[PlyCount "110"]
[EventDate "2005.04.02"]
[EventType "swiss (blitz)"]
[EventRounds "15"]
[Source "Mark Crowther"]
[SourceDate "2005.04.04"]

1. Nf3 d5 2. d4 Nf6 3. c4 c6 4. Nc3 dxc4 5. a4 Bf5 6. e3 e6 7. Bxc4 Bb4 8. O-O
Nbd7 9. Qb3 a5 10. Na2 Bd6 11. Qxb7 Be4 12. Qb3 Ng4 13. Qd1 O-O 14. h3 Bxf3 15.
Qxf3 Nh2 16. Qxc6 Nb6 17. Bd3 Nxf1 18. Kxf1 Nd5 19. Qc2 Rc8 20. Qe2 Bb8 21. Nc3
Nb4 22. Bb5 Qd6 23. g3 e5 24. dxe5 Qxe5 25. e4 Rfd8 26. Be3 Qe6 27. Kg2 Be5 28.
Rc1 h6 29. h4 Bxc3 30. Rxc3 Qxe4+ 31. Qf3 Qxf3+ 32. Kxf3 Nd5 33. Rxc8 Rxc8 34.
Bd2 Rc2 35. Bxa5 Rxb2 36. Bc6 Ne7 37. Be4 f5 38. Bd3 Rb3 39. Ke2 Ra3 40. Bb4
Ra2+ 41. Kf1 Kf8 42. a5 Ra4 43. Bd2 Nc6 44. a6 Rd4 45. Ke2 Rd7 46. Be3 Nd4+ 47.
Kf1 Nc6 48. Bb5 Rc7 49. Bb6 Rc8 50. a7 Nxa7 51. Bxa7 Rc1+ 52. Kg2 Rb1 53. Bd3
g6 54. Bxb1 Kf7 55. Bxf5 Kg8 0-1

[Event "3rd ch-GER Internet Blitz Candidates"]
[Site "playchess INT"]
[Date "2005.04.02"]
[Round "12"]
[White "Seel, C."]
[Black "Buchenau, F."]
[Result "1/2-1/2"]
[WhiteElo "2477"]
[BlackElo "2345"]
[PlyCount "158"]
[EventDate "2005.04.02"]
[EventType "swiss (blitz)"]
[EventRounds "15"]
[Source "Mark Crowther"]
[SourceDate "2005.04.04"]

1. Nf3 Nf6 2. c4 e6 3. Nc3 b6 4. g3 Bb7 5. Bg2 Be7 6. O-O O-O 7. Re1 Ne4 8.
Nxe4 Bxe4 9. d3 Bb7 10. e4 c5 11. d4 cxd4 12. Nxd4 Nc6 13. Nxc6 Bxc6 14. Bf4 d6
15. Qd2 Qc7 16. Rac1 Rfd8 17. Red1 Rac8 18. Qe2 Qb7 19. b3 b5 20. cxb5 Bxb5 21.
Qd2 Bc6 22. Qd3 f5 23. f3 fxe4 24. fxe4 Bf6 25. Qe2 Bb5 26. Qf2 e5 27. Be3 Bc6
28. Qf5 Bd7 29. Qf1 Bg4 30. Rxc8 Qxc8 31. Rc1 Qb7 32. Qc4+ Kf8 33. h3 Rc8 34.
Qf1 Rxc1 35. Qxc1 Be6 36. Qc3 Bd8 37. Kh2 Bb6 38. Bc1 Qc7 39. Qf3+ Qf7 40. Qd3
Qf2 41. Qf3+ Qxf3 42. Bxf3 Ke7 43. Kg2 Bd4 44. h4 Kd7 45. Kf1 Kc6 46. Ke2 a5
47. Bd2 Kb5 48. Bh5 g6 49. Bf3 a4 50. bxa4+ Kxa4 51. Bg5 Bxa2 52. Be7 Bc5 53.
h5 Bc4+ 54. Kd2 gxh5 55. Bxh5 Kb5 56. g4 Kc6 57. Be8+ Kc7 58. g5 Be6 59. Bf6
Bd4 60. Be7 d5 61. exd5 Bxd5 62. Bf6 Be4 63. Bf7 Kd6 64. Bg7 Bg6 65. Bf8+ Kd7
66. Bd5 e4 67. Bg7 Bxg7 68. Ke3 Be5 69. Bxe4 Bxe4 70. Kxe4 Ke6 71. Kf3 Kf5 72.
Kg2 Kxg5 73. Kh3 h5 74. Kg2 Kg4 75. Kg1 h4 76. Kg2 h3+ 77. Kh1 Kf3 78. Kg1 h2+
79. Kh1 Kf2 1/2-1/2

[Event "3rd ch-GER Internet Blitz Candidates"]
[Site "playchess INT"]
[Date "2005.04.02"]
[Round "13"]
[White "Drabke, L."]
[Black "Haba, P."]
[Result "1/2-1/2"]
[WhiteElo "2456"]
[BlackElo "2525"]
[PlyCount "28"]
[EventDate "2005.04.02"]
[EventType "swiss (blitz)"]
[EventRounds "15"]
[Source "Mark Crowther"]
[SourceDate "2005.04.04"]

1. e4 e5 2. Bc4 Nf6 3. d3 c6 4. Nf3 Be7 5. O-O d6 6. h3 O-O 7. Re1 Nbd7 8. c3
Qc7 9. Bb3 Nc5 10. Bc2 Ne6 11. Nbd2 h6 12. Nf1 Nh7 13. h4 Kh8 14. d4 Rd8
1/2-1/2

[Event "3rd ch-GER Internet Blitz Candidates"]
[Site "playchess INT"]
[Date "2005.04.02"]
[Round "13"]
[White "Buscher, M."]
[Black "Kostic, Vl"]
[Result "1-0"]
[WhiteElo "2305"]
[BlackElo "2439"]
[PlyCount "47"]
[EventDate "2005.04.02"]
[EventType "swiss (blitz)"]
[EventRounds "15"]
[Source "Mark Crowther"]
[SourceDate "2005.04.04"]

1. e4 e5 2. Nf3 Nf6 3. d4 exd4 4. e5 Ne4 5. Qxd4 d5 6. exd6 Nxd6 7. Nc3 Nc6 8.
Qf4 Be7 9. Bd2 O-O 10. O-O-O Be6 11. Nd4 Nxd4 12. Qxd4 Bf6 13. Qf4 Re8 14. Bd3
Qd7 15. h3 Qc6 16. g4 Qb6 17. g5 Bd4 18. Na4 Bxb2+ 19. Nxb2 c5 20. Bc3 Rad8 21.
Qe5 f6 22. gxf6 Bf7 23. Qg3 g6 24. Qf4 1-0

[Event "3rd ch-GER Internet Blitz Candidates"]
[Site "playchess INT"]
[Date "2005.04.02"]
[Round "13"]
[White "Rachut, S."]
[Black "Enzmann, S."]
[Result "1-0"]
[WhiteElo "2068"]
[BlackElo "2204"]
[PlyCount "59"]
[EventDate "2005.04.02"]
[EventType "swiss (blitz)"]
[EventRounds "15"]
[Source "Mark Crowther"]
[SourceDate "2005.04.04"]

1. e4 c5 2. Nf3 Nc6 3. d4 cxd4 4. Nxd4 Qb6 5. Nb3 Nf6 6. Nc3 e6 7. Be3 Qc7 8.
a3 a6 9. Bd3 Be7 10. O-O d6 11. f4 h5 12. h3 h4 13. Be2 b5 14. Bf3 Bb7 15. Qe2
Nd7 16. Rad1 Rc8 17. Nd4 Nxd4 18. Bxd4 Bf6 19. Bxf6 Nxf6 20. Qd3 d5 21. exd5
Qc5+ 22. Kh1 O-O 23. dxe6 Bxf3 24. exf7+ Rxf7 25. Qxf3 Nh5 26. Ne2 Re8 27. b4
Qf5 28. Rd5 Qxd5 29. Qxd5 Rxe2 30. Qxh5 1-0

[Event "3rd ch-GER Internet Blitz Candidates"]
[Site "playchess INT"]
[Date "2005.04.02"]
[Round "13"]
[White "Buchenau, F."]
[Black "Brener, I."]
[Result "1/2-1/2"]
[WhiteElo "2345"]
[BlackElo "2321"]
[PlyCount "80"]
[EventDate "2005.04.02"]
[EventType "swiss (blitz)"]
[EventRounds "15"]
[Source "Mark Crowther"]
[SourceDate "2005.04.04"]

1. e4 c5 2. g3 Nc6 3. Bg2 g6 4. Ne2 Bg7 5. c3 e5 6. d3 Nge7 7. Be3 d6 8. O-O
O-O 9. d4 exd4 10. cxd4 cxd4 11. Nxd4 d5 12. Nc3 dxe4 13. Nxc6 Nxc6 14. Nxe4
Be6 15. Nc5 Bc4 16. Nxb7 Qc7 17. Qd6 Qxb7 18. Bxc6 Qxb2 19. Rab1 Rad8 20. Qxf8+
Kxf8 21. Rxb2 Bxb2 22. Rb1 Bd4 23. Rd1 Bf6 24. Rxd8+ Bxd8 25. Bxa7 Bxa2 26.
Bc5+ Kg8 27. Kg2 h5 28. f4 Be6 29. h3 Kg7 30. Bd4+ Kh6 31. Be3 Kg7 32. Bf3 f6
33. g4 hxg4 34. hxg4 Ba5 35. Bd4 Kf7 36. Kg3 Bc7 37. Be4 Bd6 38. Kf3 f5 39.
gxf5 gxf5 40. Bc6 Be7 1/2-1/2

[Event "3rd ch-GER Internet Blitz Candidates"]
[Site "playchess INT"]
[Date "2005.04.02"]
[Round "13"]
[White "Reich, T."]
[Black "Renner, Christo"]
[Result "0-1"]
[WhiteElo "2406"]
[BlackElo "2398"]
[PlyCount "70"]
[EventDate "2005.04.02"]
[EventType "swiss (blitz)"]
[EventRounds "15"]
[Source "Mark Crowther"]
[SourceDate "2005.04.04"]

1. d4 f5 2. Nf3 Nf6 3. g3 g6 4. Bg2 Bg7 5. O-O O-O 6. c4 d6 7. Nc3 c6 8. Re1
Na6 9. b3 Qa5 10. Bb2 e5 11. a3 e4 12. Nd2 d5 13. e3 Be6 14. b4 Qd8 15. b5 cxb5
16. cxb5 Nc7 17. a4 Qd7 18. Ba3 Rfc8 19. Qb3 g5 20. Ne2 Bf8 21. Rac1 Bxa3 22.
Qxa3 Nce8 23. f4 h6 24. Nb3 b6 25. Na1 Nd6 26. Nc2 Nc4 27. Qb3 a6 28. Ra1 Ra7
29. Nc3 Nd2 30. Qb2 Rac7 31. Nb4 Nc4 32. Qb3 Na5 33. Qb2 Rxc3 34. bxa6 Rb3 35.
Qd2 Nc4 0-1

[Event "3rd ch-GER Internet Blitz Candidates"]
[Site "playchess INT"]
[Date "2005.04.02"]
[Round "13"]
[White "Zwahr, P."]
[Black "Ottmann, M."]
[Result "1-0"]
[WhiteElo "2104"]
[BlackElo "2142"]
[PlyCount "75"]
[EventDate "2005.04.02"]
[EventType "swiss (blitz)"]
[EventRounds "15"]
[Source "Mark Crowther"]
[SourceDate "2005.04.04"]

1. e4 e5 2. Nf3 Nf6 3. Nxe5 d6 4. Nf3 Nxe4 5. d4 d5 6. Bd3 Be7 7. O-O Nc6 8. c4
Bg4 9. Nc3 Nf6 10. Be3 O-O 11. h3 Bh5 12. g4 Bg6 13. Bxg6 hxg6 14. c5 Nh7 15.
Rb1 b6 16. b4 Ng5 17. b5 Na5 18. Kg2 Nc4 19. c6 Nxf3 20. Qxf3 Bg5 21. Bxg5 Qxg5
22. Qxd5 Qxd5+ 23. Nxd5 Nd2 24. Nxc7 Rad8 25. d5 Nxf1 26. Kxf1 f5 27. Ne6 Rxd5
28. Nxf8 Kxf8 29. Rc1 Rd8 30. f4 Ke7 31. Kf2 Rd2+ 32. Ke3 Rd8 33. c7 Rc8 34.
Rc6 Kd7 35. Rxg6 Kxc7 36. Rc6+ Kd7 37. Rxc8 Kxc8 38. Kd4 1-0

[Event "3rd ch-GER Internet Blitz Candidates"]
[Site "playchess INT"]
[Date "2005.04.02"]
[Round "13"]
[White "Gramlich, S."]
[Black "Berelovich, A."]
[Result "0-1"]
[WhiteElo "2064"]
[BlackElo "2542"]
[PlyCount "76"]
[EventDate "2005.04.02"]
[EventType "swiss (blitz)"]
[EventRounds "15"]
[Source "Mark Crowther"]
[SourceDate "2005.04.04"]

1. d4 e6 2. e4 d5 3. Nc3 Bb4 4. Bd2 Nf6 5. e5 Bxc3 6. bxc3 Ne4 7. Qg4 g6 8. Bh6
c5 9. Bd3 cxd4 10. cxd4 Qa5+ 11. Kf1 Qc3 12. Re1 Qxd4 13. Qf4 Nc6 14. Bxe4 dxe4
15. Rxe4 Qd1+ 16. Re1 Qxc2 17. Nf3 Bd7 18. Qf6 Rg8 19. Ng5 Qf5 20. Nxh7 Nd4 21.
Qxf5 Bb5+ 22. Kg1 gxf5 23. Nf6+ Ke7 24. Nxg8+ Rxg8 25. g3 Nf3+ 26. Kg2 Bc6 27.
Rc1 Nxe5+ 28. Rxc6 Nxc6 29. Rb1 b6 30. h4 e5 31. Rb5 Ke6 32. Kf1 Rd8 33. Be3 f6
34. Ke2 f4 35. gxf4 exf4 36. Bxb6 axb6 37. Rxb6 Rd6 38. Kf3 Ne5+ 0-1

[Event "3rd ch-GER Internet Blitz Candidates"]
[Site "playchess INT"]
[Date "2005.04.02"]
[Round "13"]
[White "Heimann, A."]
[Black "Junge, Ka"]
[Result "1-0"]
[WhiteElo "2095"]
[BlackElo "2256"]
[PlyCount "51"]
[EventDate "2005.04.02"]
[EventType "swiss (blitz)"]
[EventRounds "15"]
[Source "Mark Crowther"]
[SourceDate "2005.04.04"]

1. e4 Nf6 2. e5 Nd5 3. c4 Nb6 4. d4 d6 5. Nf3 g6 6. exd6 cxd6 7. h3 Bg7 8. Nc3
O-O 9. Be3 Nc6 10. Rc1 Bf5 11. Be2 d5 12. c5 Nc4 13. Bxc4 dxc4 14. O-O Bd3 15.
Re1 Nxd4 16. Nxd4 Bxd4 17. Bxd4 Qxd4 18. Rxe7 Qxc5 19. Rxb7 Qc6 20. Re7 Rad8
21. b3 Be4 22. Qg4 Bf5 23. Qxc4 Qd6 24. Rxa7 Bd3 25. Qc7 Qf4 26. Qxf4 1-0